00805cam a22002531 4500001001300000003000400013005001700017008004100034010001700075025001900092035001900111040001900130042001200149050002100161110007700182245009500259250001300354260002100367300001900388500006300407651002100470650003300491700002700524sa 67002553 DLC20260227112331.0800315s1965 ii f000 0 eng  asa 67002553  aPL480:I-E-6748 a(OCoLC)6084916 aDLCcNBuUdDLC apremarc00aHF239b.A65 19651 aIndia (Republic).bDepartment of Commercial Intelligence and Statistics.12aA guide to official statistics of trade, shipping and customs and excise revenue of India. aRev. ed. aCalcutta,c1965. a150 p.c24 cm. a"Prepared by Shri V. Bhanu Koti, Deputy Director General." 0aIndiaxCommerce. 0aShippingzIndiavStatistics.2 aBhanu Koti, V.,d1922-